00484nam a22001457a 4500020002200000082001500022100001900037245008700056260004100143300000800184650002200192942000700214952010000221999001700321 a978-81-8495-024-3 a294.54 KNA aKnapp, Stephen aSpiritual India Handbook: A Guide to Temples, Holy sites, Festivals and Traditions aMumbaibJaico Publishing Housec2009 a559 aHindu pilgrimages cBK 00104070aHMIbHMIcGENd2018-05-28g395.00l0o294.54 KNAp24798r2018-05-28w2018-05-28yBK c21048d21048